İçeriği atla

Курс лекций по дисциплине Сельскохозяйственная потребительская кооперация для бакалавров направления подготовки 38.03.02 - менеджмент очной и заочной формы обучения

Учебно-методическое пособие. «Курс лекций по дисциплине Сельскохозяйственная потребительская кооперация» для бакалавров направления подготовки 38.03.02 - Менеджмент очной и заочной формы обучения....

Ful tanımlama

Kaydedildi:
Detaylı Bibliyografya
Yazar: Мищенко Т. Р.
Materyal Türü: Книга
Dil:Russian
Baskı/Yayın Bilgisi: Орел ОрелГАУ 2016
Online Erişim:https://e.lanbook.com/book/106915
https://e.lanbook.com/img/cover/book/106915.jpg
Etiketler: Etiketle
Etiket eklenmemiş, İlk siz ekleyin!
LEADER 01461nam0a2200229 i 4500
001 106915
003 RuSpLAN
005 20221220174013.0
008 221220s2016 ru gs 000 0 rus
040 |a RuSpLAN 
041 0 |a rus 
044 |a ru 
245 0 0 |a Курс лекций по дисциплине Сельскохозяйственная потребительская кооперация  |b для бакалавров направления подготовки 38.03.02 - менеджмент очной и заочной формы обучения  |c Мищенко Т. Р. 
260 |a Орел  |b ОрелГАУ  |c 2016 
300 |a 147 с. 
504 |a Библиогр.: доступна в карточке книги, на сайте ЭБС Лань 
520 8 |a Учебно-методическое пособие. «Курс лекций по дисциплине Сельскохозяйственная потребительская кооперация» для бакалавров направления подготовки 38.03.02 - Менеджмент очной и заочной формы обучения. 
521 8 |a Книга из коллекции ОрелГАУ - Ветеринария и сельское хозяйство 
100 1 |a Мищенко Т. Р. 
856 4 |u https://e.lanbook.com/book/106915 
856 4 8 |u https://e.lanbook.com/img/cover/book/106915.jpg 
953 |a https://e.lanbook.com/img/cover/book/106915.jpg